000 00465nam a2200157 i 4500
001 101483
003 ES-MaACL
005 20230906182923.0
007 t|
008 051019s1965 sp ||||1| spa d
100 1 _aMediavilla, José Luis.
_979678
245 1 3 _aLa oveja negra
_b: selección de novelas... de "La hora XXV" /
_cJose Luis Mediavilla.
260 _aBarcelona :
_bLye,
_c1965.
300 _a270 p. ;
_c21 cm.
852 _aES-MaACL
_jC-29106
_bR.59493
999 _c101483
_d101483